Statistics for Famous Polish and Ukrainian People

Click here to take the quiz!

General Stats

  • This quiz has been taken 64 times
  • The average score is 12 of 22

Answer Stats

ClueAnswer% Correct
The only Polish popeJohn Paul II
95%
Radiation researcherMarie Curie
93%
Creator of the heliocentric model
of the solar system
Nicolaus
Copernicus
82%
Exiled Soviet leader
assassinated in Mexico
Leon Trotsky
75%
"The Pianist" fugitive filmmakerRoman Polanski
73%
Leader of Solidarity and
Polish President from 1990-95
Lech Wałęsa
72%
Bayern Munich striker and
captain of Poland's national team
Robert
Lewandowski
70%
"Minute Waltz" composerFrédéric Chopin
68%
Famous boxing brothersKlitschko Brothers
65%
Current President of PolandAndrzej Duda
52%
Author of "Heart of Darkness"Joseph Conrad
50%
Winner of Ballon d'Or in 2004Andriy Shevchenko
48%
Former prime minister and
president of the European Council
Donald Tusk
47%
Comedian who won over the
above in 2019 elections
Volodymyr
Zelensky
47%
Voice of Family Guy's MegMila Kunis
45%
President who died in plane crashLech Kaczyński
40%
Magnate who was elected
President in 2014
Petro Poroshenko
37%
2004 presidential rivalsVictor Yanukovych
28%
Winner of the 2004 EurovisionRuslana
25%
2004 presidential rivalsViktor Yushchenko
23%
Pole-vaulting record breakerSergey Bubka
22%
1994 figure skating championOksana Baiul
13%

Score Distribution

Percentile by Number Answered

Percent of People with Each Score

Your Score History

You have not taken this quiz